000 00300nam a22001337a 4500
008 181017b xxu||||| |||| 00| 0 eng d
020 _a9780716754664
041 _aeng
080 _a159.9
100 _a48
101 _aPSI
245 _aInvitation to the Life Span
_cBerger,K.S
942 _2udc
_cBK
999 _c50038
_d50038